| 000 | 00348nam a22001337a 4500 | ||
|---|---|---|---|
| 999 |
_c533708 _d533708 |
||
| 003 | NUST | ||
| 038 | _afizza ishaq | ||
| 082 |
_a005.133 _bDEI |
||
| 100 |
_aDeitel, Paul J. _914019 |
||
| 245 |
_aJava how to program / _cPaul J. Deitel |
||
| 250 | _a11th ed. | ||
| 260 |
_aUpper Saddle River, N.J. : _bPearson Prentice Hall, _c2012. |
||
| 942 |
_2ddc _cBK |
||